Entry Nombre personal
001 - NÚMERO DE CONTROL
- campo de control: 149806
003 - IDENTIFICADOR DE NÚMERO DE CONTROL
- campo de control: SpMaBN
005 - FECHA Y HORA DE LA ÚLTIMA TRANSACCIÓN
- campo de control: 20250725083930.0
008 - ELEMENTOS DE DATO DE LONGITUD-FIJA
- campo de control de longitud fija: 920910nn aijnnaabn a aaa
016 ## - NÚMERO DE CONTROL DE UNA AGENCIA BIBLIOGRÁFICA NACIONAL
- Número de control del registro: BNE19931310094
024 7# - IDENTIFICADOR DE OTROS ESTÁNDARES
- Número estándar o código: http://viaf.org/viaf/173150191/
- Fuente: viaf
024 7# - IDENTIFICADOR DE OTROS ESTÁNDARES
- Número estándar o código: https://isni.org/isni/0000000374918263
- Fuente: isni
024 7# - IDENTIFICADOR DE OTROS ESTÁNDARES
- Número estándar o código: http://www.wikidata.org/entity/Q41737158
- Fuente: wikidata
040 ## - FUENTE DE CATALOGACIÓN
- Centro catalogador/agencia de origen: SpMaBN
- Lengua de catalogación: spa
- Centro/agencia transcriptor: SpMaBN
- Normas de descripción: rdc
- Convención/Normas de encabezamiento de materia/tesauro: embne
046 ## - FECHAS CON CODIFICACIÓN ESPECIAL
- Período de inicio: 1590
- Fin de período: 1627
100 1# - ENCABEZAMIENTO-NOMBRE DE PERSONA
- Nombre de persona: Sánchez, Luis,
- Fechas asociadas al nombre: fl. 1590-1627
370 ## - LUGAR ASOCIADO
- Lugar de residencia/sede: España, Madrid (Comunidad Autónoma), Madrid
- Período de inicio: 1590
- Fin de período: 1627
370 ## - LUGAR ASOCIADO
- Lugar de residencia/sede: España, Castilla y León, Valladolid (Provincia), Valladolid
- Período de inicio: 1602
- Fin de período: 1606
372 ## - CAMPO DE ACTIVIDAD
- Campo de actividad: Imprenta
374 ## - OCUPACIÓN
- Ocupación: Impresores
375 ## - GÉNERO/SEXO
- Género: Masculino
400 1# - TRAZADO DE VÉASE--NOMBRE DE PERSONA
- Nombre de persona: Sanctius, Ludovicus,
- Fechas asociadas al nombre: fl. 1590-1627
670 ## - FUENTE DE DATOS ENCONTRADOS
- Cita de la fuente: Dic. de impresores españoles, 1996
- Información encontrada: t. II, p. 63 (Sánchez, Luis)
670 ## - FUENTE DE DATOS ENCONTRADOS
- Cita de la fuente: Modo facil y nueuo para examinarse los maestros en la destreza de las armas; y entender sus cien conclusiones, o formas de saber, 1627
- Información encontrada: Portada (En Madrid por Luis Sanchez)
678 ## - DATOS BIOGRÁFICOS O HISTÓRICOS
- Datos biográficos o históricos: impresor: Madrid, 1590-1627; Valladolid, 1602-1606
